000 00536caa a22002052a 4500
001 000108
003 AR-FADEU
008 311216n############xxu####################dd
092 _aPP(612.3)ALI
100 _aGopalan, C.
245 _bConferencia Internacional sobre Nutrición : una visión general y comentario.
245 _aAlimentación, nutrición y agricultura
300 _a50-51
440 _n5/6
260 _c1992
546 _afrancés-inglés
650 _aNUTRICION
650 _aALIMENTACION
942 _cPPGR
999 _c2886
_d2886